Topka 10 Najlepszych Strzelców Reprezentacji Polskiej - Statystyki

Ogólne statystyki
  • Ten quiz został rozwiązany 26 razy
  • Średni wynik to 4 z 10
Statystyki odpowiedzi
Hint Odpowiedź % Poprawnych
1. 82 bramki Robert Lewandowski
100%
2. 21 bramek Jakub Błaszczykowski
82%
6. 16 bramek Arkadiusz Milik
64%
4.17 bramek Kamil Grosicki
50%
2. 21 bramek Euzebiusz Smolarek
32%
7. 15 bramek Jacek Krzynówek
32%
9. 5 bramek Grzegorz Krychowiak
27%
10. 3 bramki Łukasz Piszczek
23%
4. 17 bramek Maciej Żurawski
18%
8. 6 bramek Mariusz Lewandowski
0%
Nie znaleziono quizów pasujących do podanych kryteriów
Rozkład punktacji
Procent ludzi z każdym wynikiem
Percentyl według liczby udzielonych odpowiedzi
Twoja historia wyników
Nie rozwiązałeś tego quizu